[Event "XIX Festival A"]
[Site "Asti ITA"]
[Date "1998.12.09"]
[Round "5"]
[White "Pepino, Enrico"]
[Black "Dubois, Martine"]
[Result "0-1"]
[WhiteElo "1903"]
[BlackElo "2045"]
[PlyCount "70"]
[EventDate "1998.12.05"]

1.e4 Nf6 2.e5 Nd5 3.d4 d6 4.c4 Nb6 5.f4 dxe5 6.fxe5 c5 7.d5 g6 8.Nf3 Bg4 
9.Bd3 Bg7 10.Bf4 O-O 11.O-O e6 12.h3 Bxf3 13.Qxf3 exd5 14.Nc3 Nc6 15.Rae1 
Nd4 16.Qg3 Nxc4 17.Bg5 Qd7 18.Bf6 Nxb2 19.Bb1 Rae8 20.h4 h5 21.Rf2 Bxf6 
22.Rxf6 Qg4 23.Qf2 Nc4 24.Rf4 Qd7 25.Qg3 Rxe5 26.Ref1 Qe6 27.Bxg6 fxg6 28.
Rxf8+ Kg7 29.R8f7+ Qxf7 30.Rxf7+ Kxf7 31.Qf4+ Nf5 32.Qg5 Nce3 33.Qd8 Ng3 
34.Qc7+ Kg8 35.Qd8+ Kg7 0-1

[Event "XIX Festival A"]
[Site "Asti ITA"]
[Date "1998.12.09"]
[Round "5"]
[White "Quagliana, Giuseppe"]
[Black "Frank, Albert"]
[Result "0-1"]
[WhiteElo "1890"]
[BlackElo "2020"]
[PlyCount "88"]
[EventDate "1998.12.05"]

1.d4 c5 2.d5 e5 3.c4 d6 4.e4 Be7 5.Nf3 Bg4 6.Nbd2 Bg5 7.Qa4+ Bd7 8.Qb3 
Bxd2+ 9.Bxd2 b6 10.Be2 Nf6 11.Qc2 O-O 12.O-O Bg4 13.h3 Bh5 14.Bg5 Bg6 15.
Nd2 Re8 16.a3 Nbd7 17.g4 Qc7 18.f3 h6 19.Be3 b5 20.b3 a5 21.Rfb1 Nb6 22.
Bd3 b4 23.a4 Nfd7 24.Nf1 Nc8 25.Ng3 Nf8 26.h4 f6 27.Qd2 Bh7 28.Kf2 Qf7 29.
g5 fxg5 30.hxg5 hxg5 31.Bxg5 Ne7 32.Rh1 Neg6 33.Nf5 Qd7 34.Ke3 Nf4 35.Bxf4
exf4+ 36.Kf2 Bxf5 37.exf5 Re3 38.Rag1 Qe7 39.Rg4 Qe5 40.f6 Qxf6 41.Rhg1 
Ra7 42.Bc2 Rae7 43.Bd1 Qc3 44.Qa2 Rd3 0-1

[Event "XIX Festival A"]
[Site "Asti ITA"]
[Date "1998.12.09"]
[Round "5"]
[White "Ranieri, Fabrizio"]
[Black "Cavatorta, Fosco"]
[Result "1-0"]
[WhiteElo "2165"]
[BlackElo "1923"]
[PlyCount "69"]
[EventDate "1998.12.05"]

1.e4 Nc6 2.Nf3 d6 3.d4 Nf6 4.Nc3 Bg4 5.Be3 e6 6.h3 Bh5 7.d5 exd5 8.exd5 
Bxf3 9.Qxf3 Ne5 10.Qf4 Be7 11.O-O-O a6 12.g4 b5 13.Be2 Nc4 14.Bxc4 bxc4 
15.Qxc4 O-O 16.f4 Qb8 17.Rhg1 Re8 18.Bd4 Qb7 19.Qc6 Qb4 20.a3 Qa5 21.Rde1 
Kf8 22.Re2 Red8 23.Rge1 Ng8 24.g5 Rab8 25.Qc4 c5 26.dxc6 d5 27.Qa4 Qc7 28.
Be5 Bd6 29.Nxd5 Bxe5 30.Rxe5 Rxd5 31.Rxd5 Qb6 32.Qb4+ Qxb4 33.axb4 Ne7 34.
c7 Re8 35.Rd8 1-0

[Event "XIX Festival A"]
[Site "Asti ITA"]
[Date "1998.12.09"]
[Round "5"]
[White "Trabert, Bettina"]
[Black "Cantore, Alberto"]
[Result "1-0"]
[WhiteElo "2225"]
[BlackElo "2195"]
[PlyCount "69"]
[EventDate "1998.12.05"]

1.e4 e5 2.Nf3 Nc6 3.d4 exd4 4.Nxd4 Nf6 5.Nc3 Bc5 6.Be3 Bb6 7.Nxc6 bxc6 8.
Bg5 Qe7 9.Qf3 d5 10.Bxf6 gxf6 11.O-O-O d4 12.Ne2 Qe5 13.Nf4 h5 14.h3 Be6 
15.Nd3 Qg5+ 16.Kb1 Ke7 17.Re1 Qa5 18.a3 Rh6 19.Nb4 Kd7 20.e5 Bd5 21.Qf5+ 
Be6 22.Qf3 Bd5 23.Qf5+ Be6 24.Qe4 c5 25.Qc6+ Ke7 26.exf6+ Kxf6 27.Qxa8 
cxb4 28.Be2 bxa3 29.Qf3+ Kg7 30.Qxa3 Qd5 31.Bf3 Qc4 32.Re5 h4 33.Rhe1 Rg6 
34.Be4 f6 35.Qe7+ 1-0

[Event "XIX Festival A"]
[Site "Asti ITA"]
[Date "1998.12.09"]
[Round "5"]
[White "Venturino, Marco"]
[Black "Malano, Francesco"]
[Result "1-0"]
[WhiteElo "2146"]
[BlackElo "2050"]
[PlyCount "49"]
[EventDate "1998.12.05"]

1.c4 Nf6 2.Nc3 e5 3.Nf3 Nc6 4.e3 Bb4 5.Nd5 O-O 6.Nxb4 Nxb4 7.Nxe5 Re8 8.
Nf3 d5 9.a3 Nc6 10.cxd5 Qxd5 11.Be2 Bf5 12.O-O Na5 13.Nd4 Bg6 14.b4 c5 15.
Nb5 Qe5 16.d4 cxd4 17.f4 Qe7 18.bxa5 d3 19.Bxd3 Rad8 20.Nd4 Nd5 21.Bxg6 
hxg6 22.Qf3 Qf6 23.Bd2 Rd7 24.Rac1 Rde7 25.Qxd5 1-0

[Event "XIX Festival A"]
[Site "Asti ITA"]
[Date "1998.12.10"]
[Round "6"]
[White "Borgo, Giulio"]
[Black "Arlandi, Ennio"]
[Result "1/2-1/2"]
[WhiteElo "2445"]
[BlackElo "2440"]
[PlyCount "76"]
[EventDate "1998.12.05"]

1.d4 d5 2.c4 e6 3.Nc3 c6 4.e3 Nf6 5.Nf3 Nbd7 6.Bd3 Bd6 7.e4 dxe4 8.Nxe4 
Nxe4 9.Bxe4 Bb4+ 10.Bd2 Bxd2+ 11.Qxd2 c5 12.O-O-O cxd4 13.Qxd4 O-O 14.Kb1 
Qc7 15.Rhe1 Nf6 16.Bc2 b5 17.cxb5 Rb8 18.Re5 Bb7 19.Rc5 Qe7 20.Qd6 Qe8 21.
Ne5 Bd5 22.Nc6 Rb7 23.f3 a6 24.a4 axb5 25.axb5 Rd7 26.Qf4 Qa8 27.Qa4 Qb7 
28.Qa6 Ra8 29.Qxb7 Rxb7 30.Bd3 Kf8 31.Kc2 Ra4 32.Rc3 g5 33.h3 h5 34.Be2 g4
35.hxg4 hxg4 36.Rd4 Ra2 37.Rd1 Ra4 38.Rd4 Ra2 1/2-1/2

[Event "XIX Festival A"]
[Site "Asti ITA"]
[Date "1998.12.10"]
[Round "6"]
[White "Cantore, Alberto"]
[Black "Cugini, Verter"]
[Result "0-1"]
[WhiteElo "2195"]
[BlackElo "2190"]
[PlyCount "118"]
[EventDate "1998.12.05"]

1.c4 c5 2.Nf3 Nc6 3.d4 cxd4 4.Nxd4 g6 5.e4 Bg7 6.Be3 Nf6 7.Nc3 d6 8.f3 O-O
9.Qd2 Re8 10.Be2 a6 11.O-O Bd7 12.Nxc6 bxc6 13.c5 Be6 14.Na4 d5 15.Nb6 
dxe4 16.Nxa8 Qxd2 17.Bxd2 Rxa8 18.Bc3 Bd5 19.b4 exf3 20.gxf3 Nh5 21.Bxg7 
Kxg7 22.f4 Nf6 23.Bf3 Bxf3 24.Rxf3 Nd5 25.Rb1 f5 26.Kf2 Kf6 27.Ke2 g5 28.
fxg5+ Kxg5 29.Rg1+ Kf6 30.Rgf1 f4 31.Rh3 Rg8 32.Rxh7 e5 33.Kf3 Rg5 34.Ke4 
Ke6 35.Rh8 Nf6+ 36.Kd3 e4+ 37.Kd4 Rd5+ 38.Kc4 Ke5 39.Rf8 Rd4+ 40.Kb3 e3 
41.Re1 Nd5 42.h4 Rxb4+ 43.Kc2 Rc4+ 44.Kd3 Rc3+ 45.Ke2 Rc2+ 46.Kf3 Rf2+ 47.
Kg4 Rg2+ 48.Kf3 Rg3+ 49.Ke2 Ke4 50.Re8+ Kd4 51.Rd1+ Kxc5 52.Rc1+ Kd4 53.
Rd1+ Kc4 54.Re4+ Kc5 55.Rxd5+ cxd5 56.Rxf4 d4 57.Kd3 Rg1 58.Rf5+ Kd6 59.
Kxd4 e2 0-1

[Event "XIX Festival A"]
[Site "Asti ITA"]
[Date "1998.12.10"]
[Round "6"]
[White "Castaldo, Folco"]
[Black "Faraoni, Enrico"]
[Result "1-0"]
[WhiteElo "2180"]
[BlackElo "2190"]
[PlyCount "59"]
[EventDate "1998.12.05"]

1.e4 c5 2.c3 e6 3.d4 d5 4.exd5 exd5 5.Nf3 c4 6.b3 cxb3 7.axb3 Bd6 8.Bd3 
Ne7 9.O-O O-O 10.Ba3 Nbc6 11.Nbd2 Ng6 12.Re1 Nf4 13.Bc2 Bxa3 14.Rxa3 Qd6 
15.Ra1 Bg4 16.Bxh7+ Kh8 17.Bc2 f5 18.Nf1 Rf6 19.Ng3 Raf8 20.h3 Nxh3+ 21.
gxh3 f4 22.Nf1 Bxh3 23.Ne5 Nxe5 24.Rxe5 Rg6+ 25.Bxg6 Qxg6+ 26.Ng3 Bg4 27.
Qb1 Qh6 28.Nf1 Bf5 29.Rxf5 Qg6+ 30.Ng3 1-0

[Event "XIX Festival A"]
[Site "Asti ITA"]
[Date "1998.12.10"]
[Round "6"]
[White "Cavatorta, Fosco"]
[Black "Quagliana, Giuseppe"]
[Result "1-0"]
[WhiteElo "1923"]
[BlackElo "1890"]
[PlyCount "149"]
[EventDate "1998.12.05"]

1.d4 f5 2.Nf3 e6 3.Bf4 Nf6 4.e3 b6 5.Be2 Bb7 6.O-O Be7 7.a4 O-O 8.c3 Nh5 
9.Ne5 Nxf4 10.exf4 d6 11.Bf3 Be4 12.Nc4 Nd7 13.Qe2 d5 14.Ne5 Nxe5 15.fxe5 
Bxf3 16.Qxf3 Qe8 17.Nd2 g5 18.Qe2 Kh8 19.c4 dxc4 20.Qxc4 Qd7 21.Nb3 c6 22.
Rfc1 Rfc8 23.Rc3 b5 24.axb5 cxb5 25.Qd3 Bb4 26.Rxc8+ Rxc8 27.Qf3 a5 28.Rd1
g4 29.Qe2 Qc6 30.h3 gxh3 31.Qf3 Qxf3 32.gxf3 Rc2 33.d5 exd5 34.Nd4 Rxb2 
35.Nxf5 h2+ 36.Kxh2 Rxf2+ 37.Kg3 Rd2 38.Rc1 Kg8 39.e6 h5 40.Rc8+ Kh7 41.e7
Bxe7 42.Nxe7 a4 43.Rb8 a3 44.Rxb5 a2 45.Ra5 d4 46.Rxh5+ Kg7 47.Ra5 d3 48.
Nf5+ Kf6 49.Ne3 Rc2 50.Kf4 d2 51.Ra6+ Ke7 52.Ke5 Rc1 53.Rxa2 d1=Q 54.Nxd1 
Rxd1 55.Ra6 Re1+ 56.Kf5 Re3 57.f4 Re1 58.Ra7+ Kd8 59.Kf6 Rh1 60.f5 Rh2 61.
Ra8+ Kd7 62.Kg7 Rg2+ 63.Kf7 Kd6 64.f6 Rf2 65.Re8 Kd7 66.Re5 Kd6 67.Rg5 Rf3
68.Rg1 Ke5 69.Re1+ Kd6 70.Kg7 Rg3+ 71.Kf8 Rf3 72.f7 Kd7 73.Rd1+ Kc8 74.Rd5
Rf4 75.Ke7 1-0

[Event "XIX Festival A"]
[Site "Asti ITA"]
[Date "1998.12.10"]
[Round "6"]
[White "Dubois, Martine"]
[Black "Malano, Francesco"]
[Result "1-0"]
[WhiteElo "2045"]
[BlackElo "2050"]
[PlyCount "101"]
[EventDate "1998.12.05"]

1.e4 c5 2.c3 Nf6 3.e5 Nd5 4.d4 cxd4 5.Nf3 e6 6.cxd4 b6 7.Nc3 Nxc3 8.bxc3 
Qc7 9.Bd2 Be7 10.Bd3 O-O 11.O-O Ba6 12.c4 d5 13.exd6 Qxd6 14.Re1 Nd7 15.a3
Qc7 16.Bb4 Nf6 17.Bxe7 Qxe7 18.d5 Rad8 19.dxe6 fxe6 20.Qc2 Qd6 21.Re3 h6 
22.Ne5 Qd4 23.Rae1 Bb7 24.Rg3 Be4 25.Bxe4 Nxe4 26.Nf3 Rxf3 27.gxf3 Nxg3 
28.hxg3 Qd3 29.Qxd3 Rxd3 30.Re3 Rd6 31.f4 Kf7 32.Kg2 Rd4 33.Rc3 Rd6 34.Kf3
Kf6 35.Ke4 h5 36.Kf3 Rc6 37.Ke4 b5 38.c5 a5 39.Kd4 Kf5 40.Rb3 b4 41.axb4 
axb4 42.Rxb4 h4 43.gxh4 Kxf4 44.Rb6 e5+ 45.Kd5 Rc8 46.c6 e4 47.Kd6 Kg4 48.
c7 Kxh4 49.Rb8 Rxc7 50.Kxc7 Kg4 51.Rb3 1-0

[Event "XIX Festival A"]
[Site "Asti ITA"]
[Date "1998.12.10"]
[Round "6"]
[White "Frank, Albert"]
[Black "Pepino, Enrico"]
[Result "1-0"]
[WhiteElo "2020"]
[BlackElo "1903"]
[PlyCount "61"]
[EventDate "1998.12.05"]

1.c4 Nf6 2.g3 g6 3.Nc3 Bg7 4.Bg2 O-O 5.e3 d6 6.Nge2 e5 7.d3 Nbd7 8.b3 c6 
9.Bb2 Qe7 10.Qd2 Nb6 11.a4 a5 12.O-O Bf5 13.e4 Be6 14.d4 Rfd8 15.d5 cxd5 
16.cxd5 Bc8 17.Nb5 Nbd7 18.Ba3 Nc5 19.Bxc5 dxc5 20.Rfd1 b6 21.d6 Qd7 22.
Nec3 Bb7 23.f3 Ne8 24.Nd5 Bxd5 25.Qxd5 Rac8 26.Ra2 Qc6 27.d7 Qxd5 28.
dxe8=Q+ Rxe8 29.Rxd5 c4 30.bxc4 Rxc4 31.Bf1 1-0

[Event "XIX Festival A"]
[Site "Asti ITA"]
[Date "1998.12.10"]
[Round "6"]
[White "Lazarev, Vladimir"]
[Black "Venturino, Marco"]
[Result "1-0"]
[WhiteElo "2450"]
[BlackElo "2146"]
[PlyCount "73"]
[EventDate "1998.12.05"]

1.d4 Nf6 2.c4 e5 3.dxe5 Ng4 4.Bf4 Bb4+ 5.Nd2 d6 6.exd6 Qf6 7.Nh3 Nxf2 8.
Kxf2 Bxh3 9.g3 Bf5 10.Nf3 Bxd6 11.Bxd6 cxd6 12.Qd4 Nd7 13.Rd1 O-O 14.Bg2 
Rfe8 15.Rhe1 Ne5 16.Kg1 Red8 17.b3 Qe7 18.Qf4 Bg6 19.Rd2 Re8 20.Red1 Rad8 
21.Nd4 a6 22.h3 h6 23.Kh2 Bh7 24.a4 Rd7 25.Nf3 Ng6 26.Qd4 Qe3 27.Qb2 Ne5 
28.Nd4 h5 29.Nc2 Qf2 30.Qc3 Re6 31.Rf1 Qc5 32.Nd4 Ree7 33.Bd5 Nc6 34.Nf5 
Bxf5 35.Rxf5 Qe3 36.Bxf7+ Kf8 37.Be6+ 1-0

[Event "XIX Festival A"]
[Site "Asti ITA"]
[Date "1998.12.10"]
[Round "6"]
[White "Naumkin, Igor"]
[Black "Cebalo, Miso"]
[Result "1/2-1/2"]
[WhiteElo "2475"]
[BlackElo "2535"]
[PlyCount "24"]
[EventDate "1998.12.05"]

1.d4 Nf6 2.c4 e6 3.Nf3 Bb4+ 4.Bd2 Qe7 5.g3 Nc6 6.Nc3 Bxc3 7.Bxc3 Ne4 8.Qc1
O-O 9.Bg2 d6 10.d5 Nd8 11.dxe6 Nxe6 12.O-O f5 1/2-1/2

[Event "XIX Festival A"]
[Site "Asti ITA"]
[Date "1998.12.10"]
[Round "6"]
[White "Ranieri, Fabrizio"]
[Black "Barberi, Alessandro"]
[Result "0-1"]
[WhiteElo "2165"]
[BlackElo "2160"]
[PlyCount "96"]
[EventDate "1998.12.05"]

1.e4 c5 2.Nf3 d6 3.d4 cxd4 4.Nxd4 Nf6 5.Nc3 g6 6.Be3 Bg7 7.f3 O-O 8.Qd2 
Nc6 9.O-O-O Nxd4 10.Bxd4 Be6 11.Kb1 Qc7 12.h4 Rfc8 13.h5 Qa5 14.hxg6 hxg6 
15.a3 Rab8 16.g4 b5 17.g5 b4 18.Nb5 Nh5 19.Qxb4 Qxb4 20.axb4 Ng3 21.Bxg7 
Kxg7 22.Bd3 Nxh1 23.Rxh1 Bc4 24.Nxa7 Rc7 25.Bxc4 Rxc4 26.b5 Rc7 27.Nc6 
Rxb5 28.Nd4 Rxg5 29.Rf1 Rg2 30.c3 Rb7 31.Nc2 Rb3 32.Ka2 Rb8 33.Kb1 Ra8 34.
b4 Kf6 35.Kb2 Ke6 36.Kb3 Kd7 37.Ra1 Rc8 38.Ne3 Rf2 39.Nd5 Kd8 40.Rh1 Rc6 
41.b5 Rc5 42.b6 e6 43.Nc7 Kc8 44.Rh7 Rxf3 45.Kb4 Rh5 46.Rg7 Kb7 47.Nxe6 
Kxb6 48.Nd8 Re5 0-1

[Event "XIX Festival A"]
[Site "Asti ITA"]
[Date "1998.12.10"]
[Round "6"]
[White "Sulava, Nenad"]
[Black "Flear, Glenn Curtis"]
[Result "1/2-1/2"]
[WhiteElo "2380"]
[BlackElo "2450"]
[PlyCount "84"]
[EventDate "1998.12.05"]

1.c4 e6 2.d4 d5 3.Nf3 Nf6 4.Nc3 c6 5.Bg5 Nbd7 6.e3 Qa5 7.Nd2 dxc4 8.Bxf6 
Nxf6 9.Nxc4 Qc7 10.Rc1 Be7 11.g3 O-O 12.Bg2 Rd8 13.Qe2 c5 14.dxc5 Bxc5 15.
O-O Bd7 16.Nd2 Qb6 17.Nc4 Qa6 18.Ne5 Qxe2 19.Nxe2 Bd6 20.Nc4 Bb5 21.Bxb7 
Rab8 22.Rfd1 Bxc4 23.Rxc4 g5 24.Bf3 Rxb2 25.Rcd4 Rc8 26.h4 h6 27.Rxd6 g4 
28.Rd8+ Rxd8 29.Rxd8+ Kg7 30.Kg2 gxf3+ 31.Kxf3 Rxa2 32.Nf4 e5 33.Nh3 h5 
34.Rb8 Kg6 35.Ng5 Ng4 36.Rg8+ Kf6 37.Ne4+ Ke6 38.Rg5 f5 39.Rxh5 Nh2+ 40.
Kg2 Ng4 41.Kf3 Nh2+ 42.Kg2 Ng4 1/2-1/2

[Event "XIX Festival A"]
[Site "Asti ITA"]
[Date "1998.12.10"]
[Round "6"]
[White "Zak, Uriel"]
[Black "Trabert, Bettina"]
[Result "1/2-1/2"]
[WhiteElo "2355"]
[BlackElo "2225"]
[PlyCount "45"]
[EventDate "1998.12.05"]

1.c4 c6 2.d4 d5 3.Nf3 e6 4.Qc2 Nf6 5.e3 Nbd7 6.Nc3 Bd6 7.Be2 O-O 8.O-O Re8
9.b3 Qe7 10.Bb2 b6 11.e4 Nxe4 12.Nxe4 dxe4 13.Qxe4 Bb7 14.Bd3 f5 15.Qe2 c5
16.d5 exd5 17.Qxe7 Rxe7 18.cxd5 Bxd5 19.Rad1 Bf4 20.Nh4 g6 21.Bxf5 Bc6 22.
Bh3 Rae8 23.g3 1/2-1/2

[Event "XIX Festival A"]
[Site "Asti ITA"]
[Date "1998.12.11"]
[Round "7"]
[White "Arlandi, Ennio"]
[Black "Naumkin, Igor"]
[Result "1/2-1/2"]
[WhiteElo "2440"]
[BlackElo "2475"]
[PlyCount "29"]
[EventDate "1998.12.05"]

1.d4 e6 2.c4 f5 3.g3 Nf6 4.Bg2 Bb4+ 5.Nd2 O-O 6.Nf3 b6 7.O-O Bb7 8.Qc2 a5 
9.a3 Bxd2 10.Bxd2 Be4 11.Qc3 a4 12.Rad1 h6 13.Rfe1 d6 14.Bc1 Nbd7 15.Nd2 
1/2-1/2

[Event "XIX Festival A"]
[Site "Asti ITA"]
[Date "1998.12.11"]
[Round "7"]
[White "Barberi, Alessandro"]
[Black "Dubois, Martine"]
[Result "1/2-1/2"]
[WhiteElo "2160"]
[BlackElo "2045"]
[PlyCount "101"]
[EventDate "1998.12.05"]

1.d4 d5 2.c4 Bf5 3.Nc3 e6 4.Nf3 Nc6 5.Qb3 Nb4 6.e4 dxe4 7.c5 a5 8.a3 exf3 
9.axb4 axb4 10.Rxa8 Qxa8 11.Qxb4 Nf6 12.gxf3 Be7 13.Qa4+ Qxa4 14.Nxa4 O-O 
15.Bc4 Rd8 16.Be3 Nh5 17.O-O Bf6 18.Nc3 Bxd4 19.Rd1 Bf6 20.Rxd8+ Bxd8 21.
b4 Bf6 22.Ne4 Bxe4 23.fxe4 Bc3 24.b5 Nf6 25.f3 Nd7 26.Kf2 c6 27.bxc6 bxc6 
28.Bb5 Ne5 29.Ba6 Bb4 30.Ke2 Nd7 31.Bb7 Bxc5 32.Bxc6 Ne5 33.Bb5 Bxe3 34.
Kxe3 Kf8 35.h3 Ke7 36.f4 Ng6 37.e5 f6 38.Ke4 f5+ 39.Kf3 Nh4+ 40.Kg3 Ng6 
41.Bc6 Kf7 42.Bb5 Ne7 43.Kf3 g5 44.fxg5 Ng6 45.Kg3 Nxe5 46.h4 h6 47.gxh6 
Kg6 48.h7 Kxh7 49.Kf4 Nf7 50.Bd7 Nd8 51.Bxe6 1/2-1/2

[Event "XIX Festival A"]
[Site "Asti ITA"]
[Date "1998.12.11"]
[Round "7"]
[White "Cebalo, Miso"]
[Black "Borgo, Giulio"]
[Result "1-0"]
[WhiteElo "2535"]
[BlackElo "2445"]
[PlyCount "72"]
[EventDate "1998.12.05"]

1.d4 d5 2.Nf3 c6 3.c4 e6 4.Nc3 Nf6 5.Bg5 Nbd7 6.cxd5 exd5 7.e3 Be7 8.Qc2 
Nh5 9.Bxe7 Qxe7 10.O-O-O Nb6 11.h3 g6 12.g4 Ng7 13.Bd3 Be6 14.Kb1 O-O-O 
15.Rc1 Kb8 16.Na4 Nxa4 17.Qxa4 Ne8 18.Rc3 Nd6 19.Ra3 Nc8 20.Rc1 f6 21.Nd2 
h5 22.Nb3 hxg4 23.hxg4 Bxg4 24.Nc5 Bf5 25.Bxf5 gxf5 26.Rcc3 Qg7 27.Rc1 
Rde8 28.Qb4 Re7 29.Rb3 f4 30.a4 fxe3 31.fxe3 Rhe8 32.Na6+ Ka8 33.Rxc6 Nb6 
34.Rxb6 axb6 35.Qxb6 Rc8 36.Nc5 Qg6+ 1-0

[Event "XIX Festival A"]
[Site "Asti ITA"]
[Date "1998.12.11"]
[Round "7"]
[White "Cugini, Verter"]
[Black "Sulava, Nenad"]
[Result "0-1"]
[WhiteElo "2190"]
[BlackElo "2380"]
[PlyCount "110"]
[EventDate "1998.12.05"]

1.e4 d5 2.exd5 Nf6 3.d4 Bg4 4.Be2 Bxe2 5.Nxe2 Qxd5 6.O-O Nc6 7.b3 O-O-O 8.
c4 Qh5 9.Bb2 e6 10.Nd2 Bd6 11.Nf3 Ne4 12.Ng3 Bxg3 13.hxg3 Rd7 14.Re1 f5 
15.Ne5 Qxd1 16.Raxd1 Nxe5 17.dxe5 Rhd8 18.Rxd7 Rxd7 19.Re2 g5 20.g4 Rd1+ 
21.Kh2 Kd7 22.f3 Nc5 23.Ba3 Nd3 24.gxf5 exf5 25.e6+ Ke8 26.e7 c5 27.Bb2 
Nxb2 28.Rxb2 Kxe7 29.Re2+ Kf6 30.Re8 b6 31.Rf8+ Kg6 32.Rg8+ Kh6 33.Ra8 Rd7
34.a4 a5 35.Rb8 Rd6 36.Kg3 Kh5 37.Rb7 h6 38.Rb8 f4+ 39.Kh3 Kg6 40.Rg8+ Kf5
41.Rf8+ Kg6 42.Rg8+ Kh5 43.Rb8 Rd3 44.g4+ fxg3 45.Rxb6 Rxf3 46.Rb5 g4+ 47.
Kg2 Kh4 48.Rxa5 Rxb3 49.Rxc5 Rb2+ 50.Kg1 Rb4 51.a5 Ra4 52.Rc6 h5 53.Rb6 
Rxa5 54.Rb1 Rc5 55.Rc1 Kg5 0-1

[Event "XIX Festival A"]
[Site "Asti ITA"]
[Date "1998.12.11"]
[Round "7"]
[White "Faraoni, Enrico"]
[Black "Zak, Uriel"]
[Result "0-1"]
[WhiteElo "2190"]
[BlackElo "2355"]
[PlyCount "40"]
[EventDate "1998.12.05"]

1.e4 g6 2.d4 Bg7 3.f4 d5 4.e5 Nh6 5.Nc3 f6 6.Be3 fxe5 7.fxe5 Ng4 8.Qd2 c5 
9.Bb5+ Nc6 10.Nf3 O-O 11.Bxc6 bxc6 12.dxc5 Rb8 13.h3 Nxe5 14.Nxe5 Bxe5 15.
O-O-O Qa5 16.Rdf1 Rxf1+ 17.Rxf1 Qb4 18.Qd3 Qxb2+ 19.Kd2 Bf5 20.Rxf5 Qxc3+ 
0-1

[Event "XIX Festival A"]
[Site "Asti ITA"]
[Date "1998.12.11"]
[Round "7"]
[White "Flear, Glenn Curtis"]
[Black "Lazarev, Vladimir"]
[Result "1-0"]
[WhiteElo "2450"]
[BlackElo "2450"]
[PlyCount "81"]
[EventDate "1998.12.05"]

1.d4 Nf6 2.c4 c5 3.d5 b5 4.cxb5 a6 5.bxa6 g6 6.Nc3 Bxa6 7.e4 Bxf1 8.Kxf1 
d6 9.g3 Bg7 10.Kg2 O-O 11.Nge2 Qb6 12.Rb1 Na6 13.b3 Rfb8 14.f3 Nc7 15.a4 
Qa6 16.Qc2 Rb7 17.Rd1 Nd7 18.h4 Rab8 19.Ba3 Ne5 20.Nf4 Rb6 21.Nce2 h5 22.
Rdc1 Qb7 23.b4 cxb4 24.Rxb4 Rxb4 25.Bxb4 Qxb4 26.Qxc7 Bf6 27.a5 Kg7 28.a6 
Ra8 29.Qb7 Qa3 30.Qxa8 Qxf3+ 31.Kg1 Qe3+ 32.Kf1 Ng4 33.Ke1 Ne5 34.Qc8 Nf3+
35.Kf1 Nd2+ 36.Kg2 Qf3+ 37.Kh3 Nf1 38.Rxf1 Qxf1+ 39.Kh2 Qf2+ 40.Ng2 Be5 
41.Qc4 1-0

[Event "XIX Festival A"]
[Site "Asti ITA"]
[Date "1998.12.11"]
[Round "7"]
[White "Frank, Albert"]
[Black "Ranieri, Fabrizio"]
[Result "0-1"]
[WhiteElo "2020"]
[BlackElo "2165"]
[PlyCount "126"]
[EventDate "1998.12.05"]

1.c4 e6 2.g3 d5 3.b3 dxc4 4.bxc4 Qd4 5.Nc3 Qxc4 6.Bg2 Nf6 7.Nf3 Bd6 8.O-O 
O-O 9.Bb2 Bd7 10.d3 Qa6 11.e4 e5 12.d4 exd4 13.Nxd4 Nc6 14.Rb1 Bg4 15.f3 
Bc5 16.fxg4 Bxd4+ 17.Kh1 Rad8 18.Nd5 Bxb2 19.Rxb2 Nxd5 20.exd5 Ne5 21.Qb3 
b6 22.Rc2 Rd7 23.Rfc1 Nd3 24.Rd1 Nc5 25.Qf3 Re7 26.h3 h6 27.Kh2 Qa4 28.Re2
Rxe2 29.Qxe2 Re8 30.Qf1 Qxa2 31.Ra1 Qb2 32.Rxa7 Qe5 33.Qf5 Qd6 34.Qf4 Rd8 
35.Qxd6 cxd6 36.Kg1 Kf8 37.Bf1 Rd7 38.Ra8+ Ke7 39.Bb5 Rd8 40.Ra7+ Kf6 41.
Kg2 Rf8 42.Kf3 Ke5 43.Bc6 Kd4 44.Ke2 Kc4 45.Re7 b5 46.Kd2 b4 47.Re3 Kd4 
48.Rf3 b3 49.Rf4+ Ne4+ 50.Kc1 f6 51.Ba4 Rb8 52.Kb2 Ke3 53.Rf1 Nc5 54.Bc6 
Ke2 55.Ra1 Nd3+ 56.Kc3 b2 57.Rb1 Ke3 58.Bd7 Nf2 59.h4 Ne4+ 60.Kc2 Nxg3 61.
Rxb2 Rxb2+ 62.Kxb2 Kd4 63.Be6 Nf1 0-1

[Event "XIX Festival A"]
[Site "Asti ITA"]
[Date "1998.12.11"]
[Round "7"]
[White "Quagliana, Giuseppe"]
[Black "Pepino, Enrico"]
[Result "1-0"]
[WhiteElo "1890"]
[BlackElo "1903"]
[PlyCount "83"]
[EventDate "1998.12.05"]

1.d4 Nf6 2.c4 g6 3.Nc3 Bg7 4.e4 d6 5.Be2 O-O 6.Nf3 e5 7.O-O Nc6 8.d5 Ne7 
9.Ne1 Ne8 10.Nd3 f5 11.f3 f4 12.g4 Bf6 13.Bd2 Kf7 14.Be1 Rh8 15.Bf2 h5 16.
h3 Ng8 17.Kg2 Bh4 18.Qe1 Be7 19.Rh1 Ng7 20.c5 Nh6 21.cxd6 cxd6 22.Rc1 Bd7 
23.a4 Rc8 24.Bxa7 Ra8 25.Bf2 Bxa4 26.Nxa4 Rxa4 27.Qc3 Qd7 28.Qc7 Rd8 29.
Qxd7 Rxd7 30.Nxe5+ dxe5 31.Bb5 Rb4 32.Bxd7 Rxb2 33.Rb1 Ra2 34.Rxb7 Bh4 35.
Rf1 Kf6 36.Kg1 Bg3 37.h4 hxg4 38.fxg4 Bxf2+ 39.Rxf2 Ra1+ 40.Kg2 g5 41.Rb6+
Ke7 42.Rxh6 1-0

[Event "XIX Festival A"]
[Site "Asti ITA"]
[Date "1998.12.11"]
[Round "7"]
[White "Trabert, Bettina"]
[Black "Castaldo, Folco"]
[Result "1/2-1/2"]
[WhiteElo "2225"]
[BlackElo "2180"]
[PlyCount "78"]
[EventDate "1998.12.05"]

1.e4 e6 2.d4 d5 3.Nd2 c5 4.exd5 Qxd5 5.Ngf3 cxd4 6.Bc4 Qd6 7.O-O Nf6 8.Nb3
Nc6 9.Nbxd4 Nxd4 10.Nxd4 a6 11.Re1 Qc7 12.Bb3 Bd7 13.Qf3 Bd6 14.h3 O-O-O 
15.Bg5 Bh2+ 16.Kh1 Be5 17.Rad1 h6 18.Bh4 Bxd4 19.Rxd4 Bc6 20.Rxd8+ Qxd8 
21.Qe3 Nd5 22.Qd4 g5 23.Bg3 Nf4 24.Qxd8+ Rxd8 25.Bxf4 gxf4 26.f3 Kd7 27.
Bc4 Ke7 28.Bd3 Kf6 29.Kg1 Rd5 30.Kf2 Re5 31.Be4 Rc5 32.c3 Bxe4 33.Rxe4 e5 
34.Re2 Rd5 35.c4 Rd4 36.Rc2 Ke6 37.b3 Kd6 38.Ke2 Kc5 39.a3 a5 1/2-1/2

[Event "XIX Festival A"]
[Site "Asti ITA"]
[Date "1998.12.11"]
[Round "7"]
[White "Venturino, Marco"]
[Black "Cavatorta, Fosco"]
[Result "1-0"]
[WhiteElo "2146"]
[BlackElo "1923"]
[PlyCount "63"]
[EventDate "1998.12.05"]

1.c4 Nc6 2.Nc3 e5 3.Nf3 f5 4.d4 e4 5.Bg5 Be7 6.Bxe7 Ncxe7 7.Nd2 Nf6 8.e3 
O-O 9.Be2 d6 10.O-O c6 11.b4 Qe8 12.Rb1 Ng6 13.Qc2 f4 14.Ndxe4 Nxe4 15.
Qxe4 Qxe4 16.Nxe4 Bf5 17.Nxd6 Bxb1 18.Rxb1 fxe3 19.fxe3 Rab8 20.c5 Ne7 21.
Bc4+ Kh8 22.Nf7+ Kg8 23.Ne5+ Kh8 24.Nd7 Nf5 25.Re1 Rfe8 26.Nxb8 Nxd4 27.
Bf7 Re7 28.Rd1 Rxf7 29.Rxd4 Rf8 30.Nd7 Re8 31.Ne5 g6 32.Rd8 1-0

[Event "XIX Festival A"]
[Site "Asti ITA"]
[Date "1998.12.12"]
[Round "8"]
[White "Barberi, Alessandro"]
[Black "Trabert, Bettina"]
[Result "1-0"]
[WhiteElo "2160"]
[BlackElo "2225"]
[PlyCount "60"]
[EventDate "1998.12.05"]

1.d4 d5 2.c4 e6 3.Nf3 c6 4.Nc3 dxc4 5.a4 Bb4 6.g3 Nf6 7.Bg2 O-O 8.O-O Nbd7
9.Qc2 Nb6 10.Rd1 a5 11.e4 h6 12.Qe2 Qe7 13.Ne5 c5 14.dxc5 Qxc5 15.Be3 Qxe5
16.Bxb6 Bc5 17.Nd5 exd5 18.Bxc5 Re8 19.Bd4 Qe7 20.Bxf6 Qxf6 21.Rxd5 Be6 
22.Rb5 Qe7 23.e5 Red8 24.f4 Qc7 25.Qe4 Bd7 26.Rd5 Bc6 27.Qxc4 Qb6+ 28.Qc5 
Qb3 29.Rd6 Bxg2 30.Kxg2 Rdc8 1-0

[Event "XIX Festival A"]
[Site "Asti ITA"]
[Date "1998.12.12"]
[Round "8"]
[White "Borgo, Giulio"]
[Black "Sulava, Nenad"]
[Result "1/2-1/2"]
[WhiteElo "2445"]
[BlackElo "2380"]
[PlyCount "21"]
[EventDate "1998.12.05"]

1.e4 c5 2.Nf3 e6 3.d4 cxd4 4.Nxd4 Nf6 5.Nc3 d6 6.Be2 Be7 7.O-O O-O 8.f4 
Nc6 9.Be3 Bd7 10.Nb3 a6 11.a4 1/2-1/2

[Event "XIX Festival A"]
[Site "Asti ITA"]
[Date "1998.12.12"]
[Round "8"]
[White "Cantore, Alberto"]
[Black "Faraoni, Enrico"]
[Result "1/2-1/2"]
[WhiteElo "2195"]
[BlackElo "2190"]
[PlyCount "121"]
[EventDate "1998.12.05"]

1.c4 Nf6 2.Nc3 g6 3.e4 d6 4.d4 Bg7 5.Be2 O-O 6.Nf3 e5 7.dxe5 dxe5 8.Qxd8 
Rxd8 9.Bg5 c6 10.Nxe5 Re8 11.O-O-O Na6 12.f4 h6 13.Bh4 Nc5 14.Bf3 g5 15.
Bf2 Ne6 16.f5 Nf4 17.Ng4 Nd7 18.Bd4 h5 19.Nf2 Bxd4 20.Rxd4 Ne5 21.Rhd1 g4 
22.Ne2 Ne6 23.fxe6 Bxe6 24.Nf4 gxf3 25.Nxe6 Rxe6 26.gxf3 Nxf3 27.Rd7 Rb8 
28.R1d3 Nxh2 29.Rh3 Ng4 30.Rg3 Rg6 31.Nxg4 hxg4 32.Kd2 Kf8 33.Ke3 Ke8 34.
Rd2 Ke7 35.e5 b5 36.c5 Rh8 37.Kf4 Rh1 38.Rgd3 Rf1+ 39.Kg3 Rg1+ 40.Kf4 g3 
41.Rd6 Rf1+ 42.Ke3 Rg5 43.Rd7+ Kf8 44.Rg2 Rxe5+ 45.Kd4 Rg5 46.Ke3 f5 47.
Rxa7 Rg4 48.Ke2 Rh1 49.Kf3 Rh3 50.Rd7 Ke8 51.Rd6 Ke7 52.Re2+ Kf7 53.Rg2 
Rg8 54.Rxc6 Rd8 55.Rd6 Rxd6 56.cxd6 Ke6 57.Rxg3 Rh2 58.Rg2 Rxg2 59.Kxg2 
Kxd6 60.a3 Kd5 61.b3 1/2-1/2